000 01679cam a22004814i 4500
003 PE-LiUPU
005 20250731165458.0
008 150623s r 000 0 d
020 _a1575060329
035 _a(Sirsi) i9781575060323
040 _aPE-LiUPU
_bspa
_cPE-LiUPU
_erda
049 _aPRUA
082 0 4 _a492.3321
_bC27
_221
245 0 2 _aA compendious Syriac dictionary: founded upon the thesaurus syriacus /
_ceditado por J. Payne Smith.
264 1 _aWinona Lake, Indiana :
_bEisenbrauns,
_c1998.
300 _a626 páginas ;
_c25.5 centímetros
336 _atext
_2rdacontent
337 _aunmediated
_2rdamedia
338 _avolume
_2rdacarrier
505 0 _aSyriac dictionary: foundaded upon the thesaurus syriacus.
526 _aSEG44
526 _aSEG26
526 _aP151
526 _aP150
526 _aP149
526 _aP146
526 _aP145
526 _aP126
526 _aP125
526 _aP92
526 _aP75
526 _aP74
526 _aP27
526 _aP15
650 1 4 _aLengua Siríaca
_vDiccionarios
_xInglés.
700 1 _aSmith, J. Payne,
_d1933-,
_eed.
942 _2ddc
_cBOOK
949 _aRC 492.3321 C27
_wDEWEY
_c1
_i45353
_lCCODEBUL1
_mBUL
_r0
_sY
_tBOOK
_u2015-6-24
_xTEOLOGIA
_PP35
_0COMPRA
_o.CIRCNOTE. No olvidar cambiar la fecha de devolución!!!!!!!
_o.STAFF. Colección General
994 _aC0
_bPEPRU
596 _a1
999 _aRC 492.3321 C27
_wDEWEY
_c22216
_i45353
_f2021-11-8
_g5
_lCCODEBUL1
_mBUL
_r1
_sY
_tBOOK
_u2015-6-24
_xTEOLOGIA
_PP35
_0COMPRA
_o.CIRCNOTE. No olvidar cambiar la fecha de devolución!!!!!!!
_o.STAFF. Colección General
_d22216
980 _81
_gALBERTO SANCHEZ Responsable de Automatización